Bytový dom

Enregistré dans:
Détails bibliographiques
Auteur principal: Klučárová, Lenka (Auteur)
Autres auteurs: Jamnický, Martin (Directeur de thèse)
Format: Manuscrit Livre
Langue:slovaque
Publié: 2015
Sujets:
Accès en ligne:http://is.stuba.sk/zp/portal_zp.pl?podrobnosti=93038
https://opac.crzp.sk/?fn=detailBiblioForm&sid=FF44C990A7CA883E4E895A929FD7
Tags: Ajouter un tag
Pas de tags, Soyez le premier à ajouter un tag!

MARC

LEADER 00000ntm a22000003a 4500
001 stuzp51047
003 SK-STU
005 20230814110423.6
007 ta
008 150427s2015----xo-----f-mn---000-0-slo-d
040 |a STU  |b slo 
041 0 |a slo 
100 1 |a Klučárová, Lenka  |u 010180  |4 aut  |U SvF Stavebná fakulta  |T SvF Katedra konštrukcií pozemných stavieb  |X 42956  |U V180  |Y 18  |7 42956 
242 0 1 |a Residental house  |y eng 
245 1 0 |a Bytový dom 
260 |c 2015 
650 4 |a bytový dom  |2 slo 
650 4 |a objekt  |2 slo 
650 4 |a konštrukcia  |2 slo 
650 4 |a structure  |2 eng 
650 4 |a construction  |2 eng 
650 4 |a residental house  |2 eng 
700 1 |a Jamnický, Martin  |4 ths  |X 4052  |7 A000004052 
856 4 |u http://is.stuba.sk/zp/portal_zp.pl?podrobnosti=93038 
856 4 |u https://opac.crzp.sk/?fn=detailBiblioForm&sid=FF44C990A7CA883E4E895A929FD7 
SQL |a stuzp51047  |b DBP  |c SLO  |d Bytový dom  |e 42956  |f Klučárová, Lenka  |g 010180  |h 4052  |i Jamnický, Martin  |j 20150623  |k 4  |l 01  |m http://is.stuba.sk/zp/portal_zp.pl?podrobnosti=93038  |n B-PSA  |o 5.1.4. pozemné stavby, 5.1.1. architektúra a urbanizmus